000 01114nam a2200217 i 4500
001 186091
003 ES-MaACL
005 20250927121604.0
008 160907s1936 fr |||| | fre d
100 1 _aBalzac, Honoré de,
_d1799-1850
_925139
245 1 0 _aLa comédie humaine.
_nV,
_pÉtudes de moeurs. Scènes de la vie parisienne. 1 /
_cBalzac ; texte établi par Marcel Bouteron.
260 _a[Paris] :
_bÉd. de la Nouvelle Revue française,
_c1936.
300 _a1154 p. ;
_c18 cm.
490 1 _aBibliothèque de la Pléiade ;
_v32
505 8 _aContiene: Ferragus ; La duchesse de Langeais ; La fille aux yeux d'or ; Histoire de la grandeur et de la décadence de César Birotteau ; La maison Nucingen ; Comment aiment les filles ; Á combien l'amour revient aux vieillards ; Où mènent les mauvais chemins ; La dernière incarnation de Vautin ; Splendeurs et misères des courtisanes ; Histoire des treize
700 1 _aBouteron, Marcel,
_d1877-1962
_9160767
830 0 _aBibliothèque de la Pléiade ;
_v32
_9180233
852 _aES-MaACL
_jE-5050
942 _2udc
999 _c186091
_d186091